000 004200000a22001810004500
001 1509
003 CO-MdFUSB
005 20170515161103.0
008 170515b xxu||||| |||| 00| 0 eng d
020 _a84-261-3291-X
040 _cCO-MdBIC
082 0 4 _a863H W637t
100 1 _aWiesner, David
245 1 0 _aLos tres cerditos / David Wiesner
260 _aBarcelona : Juventud
300 _a[38] P.
942 _cLGB
999 _c48669
_d48669